Statistics for Countries Closest to Nigeria

Click here to take the quiz!

General Stats

  • This quiz has been taken 708 times
  • The average score is 18 of 20

Answer Stats

kmcountrymiles% Correct
0Niger0
99%
0Cameroon0
95%
805Democratic Republic
of the Congo
500
95%
101Togo63
95%
0Benin0
94%
0Chad0
94%
169Ghana105
93%
599Congo372
92%
214Mali133
91%
129Burkina Faso80
89%
316Central African
Republic
196
89%
572Côte d'Ivoire355
89%
600Algeria373
88%
418Gabon260
87%
95Equatorial Guinea59
85%
779Sudan484
84%
1084Libya673
82%
1043Mauritania648
78%
299São Tomé
and Príncipe
186
77%
1110Angola690
72%

Score Distribution

Percentile by Number Answered

Percent of People with Each Score

Your Score History

You have not taken this quiz